|
|
|
|
| LEADER |
00000cam a2200000 7i4500 |
| 001 |
0000053089 |
| 005 |
20220105104158.0 |
| 008 |
151008 |
| 020 |
|
|
|a 9679275930
|
| 090 |
0 |
0 |
|a PR
|b MAL
|
| 245 |
0 |
0 |
|a Sifat jujur
|
| 260 |
|
|
|a Kuala Lumpur :
|b Penerbitan Fargoes ,
|c 1994
|
| 490 |
1 |
|
|a Siri cerita moral KBSR (kedua)
|
| 500 |
|
|
|a Children age 4-6 years old (yellow)
|
| 650 |
|
0 |
|a Children's stories, Malay
|
| 999 |
|
|
|a 0000435515
|b Book
|c Children Collection
|e Cawangan Pontian
|
| 999 |
|
|
|a 0000778541
|b Book
|c Children Collection
|e Cawangan Pontian
|
| 999 |
|
|
|a 0000778542
|b Book
|c Children Collection
|e Cawangan Pontian
|
| 999 |
|
|
|a 0000778543
|b Book
|c Children Collection
|e Cawangan Pontian
|
| 999 |
|
|
|a 0000778544
|b Book
|c Children Collection
|e Cawangan Pontian
|
| 999 |
|
|
|a 0000778545
|b Book
|c Children Collection
|e Cawangan Pontian
|
| 999 |
|
|
|a 0000792370
|b Book
|c Children Collection
|e Cawangan Segamat
|
| 999 |
|
|
|a 0000792371
|b Book
|c Children Collection
|e Cawangan Segamat
|
| 999 |
|
|
|a 0000792372
|b Book
|c Children Collection
|e Cawangan Segamat
|